The ACT for dummies : Student edition
Are you one of the millions of students taking the ACT? Have no fear! This friendly guide gives you the competitive edge by fully preparing you for every section of the ACT, including the optional writing test. You get two complete practice tests plus sample questions -- all updated -- along with pr...
שמור ב:
| מחבר ראשי: | |
|---|---|
| פורמט: | ספר |
| שפה: | Undetermined |
| יצא לאור: |
Indianapolis, IN
Wiley Pub.
2006
|
| נושאים: | |
| תגים: |
הוספת תג
אין תגיות, היה/י הראשונ/ה לתייג את הרשומה!
|
| Thư viện lưu trữ: | Trung tâm Học liệu Trường Đại học Cần Thơ |
|---|
| LEADER | 00956nam a2200217Ia 4500 | ||
|---|---|---|---|
| 001 | CTU_164382 | ||
| 008 | 210402s9999 xx 000 0 und d | ||
| 020 | |c 84.91 | ||
| 082 | |a 378.1662 | ||
| 082 | |b G487 | ||
| 100 | |a Gilman, Michelle Rose | ||
| 245 | 4 | |a The ACT for dummies : | |
| 245 | 0 | |b Student edition | |
| 245 | 0 | |c Michelle Rose Gilman and Veronica Saydak, Suzee Vlk | |
| 260 | |a Indianapolis, IN | ||
| 260 | |b Wiley Pub. | ||
| 260 | |c 2006 | ||
| 520 | |a Are you one of the millions of students taking the ACT? Have no fear! This friendly guide gives you the competitive edge by fully preparing you for every section of the ACT, including the optional writing test. You get two complete practice tests plus sample questions -- all updated -- along with proven test-taking strategies to improve your score. | ||
| 650 | |a ACT Assessment,ACT đánh giá | ||
| 904 | |i Trọng Hải | ||
| 980 | |a Trung tâm Học liệu Trường Đại học Cần Thơ | ||